[Event "Titled Tue 20th May Late"]
[Site "chess.com INT"]
[Date "2025.05.20"]
[Round "6"]
[White "Rostomyan, Mikayel"]
[Black "Ibarra Jerez, Jose Carlos"]
[Result "1/2-1/2"]
[WhiteTitle "FM"]
[BlackTitle "GM"]
[WhiteElo "2325"]
[BlackElo "2545"]
[WhiteFideId "13313754"]
[BlackFideId "2226332"]
[EventDate "2025.05.20"]

1. d4 Nf6 2. Nf3 g6 3. c4 d6 4. g3 Bf5 5. Bg2 Bg7 6. O-O O-O 7. Nc3 Ne4 8. Bd2
c5 9. dxc5 Nxc3 10. Bxc3 Bxc3 11. bxc3 dxc5 12. Qxd8 Rxd8 13. Ne5 Nd7 14. Nd3
Rab8 15. a4 b6 16. Rfd1 Nf6 17. Ne5 Rxd1+ 18. Rxd1 Rc8 19. Nc6 Rc7 20. Rd8+ Kg7
21. Ra8 a5 22. Rb8 Nd7 23. Rd8 Bc2 24. Nxe7 Bxa4 25. Rg8+ Kh6 26. Nd5 Ra7 27. h4
f5 28. f3 Bb3 29. g4 fxg4 30. fxg4 Ne5 31. g5+ Kh5 32. Re8 Ng4 33. Re4 Bc2 34.
Rf4 Kxh4 35. Bf3 Bf5 36. e4 Kxg5 37. exf5 gxf5 38. Bxg4 fxg4 39. Rf8 a4 40. Rg8+
Kh4 41. Kg2 a3 42. Ne3 a2 43. Nf5+ Kh5 44. Ng3+ Kh6 45. Nf5+ Kh5 46. Ng3+ Kh6
47. Nf5+ Kh5 1/2-1/2

[Event "Titled Tue 20th May Late"]
[Site "chess.com INT"]
[Date "2025.05.20"]
[Round "6"]
[White "Khodabandeh, Milad"]
[Black "Hariharan, Shambavi"]
[Result "1/2-1/2"]
[WhiteTitle "CM"]
[BlackTitle "WCM"]
[WhiteElo "1957"]
[BlackElo "1892"]
[WhiteFideId "12538620"]
[BlackFideId "488160"]
[EventDate "2025.05.20"]

1. e4 e5 2. Nf3 Nc6 3. Bb5 a6 4. Bxc6 dxc6 5. O-O Bd6 6. d4 exd4 7. Qxd4 f6 8.
Nbd2 Ne7 9. Rd1 Bg4 10. h3 Bh5 11. g4 Bg6 12. Nc4 Nc8 13. Bf4 O-O 14. Nxd6 Nxd6
15. Nh4 Qe7 16. Nxg6 hxg6 17. f3 Rad8 18. Rd3 Nb5 19. Qc4+ Kh7 20. Rad1 Rxd3 21.
Rxd3 Rd8 22. Kg2 Rxd3 23. Qxd3 Qb4 24. b3 Qa3 25. Kg3 Qxa2 26. c4 Nd6 27. Bxd6
cxd6 28. h4 Qa1 29. Qe3 b5 30. f4 Qh1 31. f5 gxf5 32. exf5 Qa1 33. cxb5 cxb5 34.
Qd3 Qe5+ 35. Kf3 a5 36. g5 fxg5 37. hxg5 a4 38. f6+ Kg8 39. fxg7 Kxg7 40. bxa4
bxa4 41. Qa3 Qxg5 42. Qxa4 1/2-1/2

[Event "Titled Tue 20th May Late"]
[Site "chess.com INT"]
[Date "2025.05.20"]
[Round "6"]
[White "Mekhitarian, Krikor Sevag"]
[Black "Herrera Ortiz, Miguel"]
[Result "1-0"]
[WhiteTitle "GM"]
[BlackTitle "IM"]
[WhiteElo "2564"]
[BlackElo "2174"]
[WhiteFideId "2107660"]
[BlackFideId "5100550"]
[EventDate "2025.05.20"]

1. Nf3 Nf6 2. c4 e6 3. Nc3 d5 4. d4 Be7 5. cxd5 exd5 6. Bf4 c6 7. h3 O-O 8. e3
Nbd7 9. Bd3 Re8 10. O-O Nf8 11. Ne5 N6d7 12. Nf3 Nf6 13. Qc2 Bd6 14. Bxd6 Qxd6
15. Rfb1 Be6 16. b4 a6 17. Na4 Rad8 18. Nc5 Bc8 19. a4 h6 20. b5 axb5 21. axb5
Ne6 22. bxc6 bxc6 23. Rc1 Ng5 24. Ne5 Rxe5 25. dxe5 Qxe5 26. Ra4 d4 27. Rxd4
Rxd4 28. exd4 Qxd4 29. Nb3 Qf4 30. Qc4 Qxc4 31. Bxc4 Bd7 32. Be2 Ne6 33. Bf3 Nf4
34. Kh2 Nd3 35. Rc3 Ne5 36. Nc5 Be8 37. Be2 g5 38. Rc1 Nd5 39. Ra1 Kg7 40. g3
Bd7 41. Nxd7 Nxd7 42. Rc1 Ne5 43. Bf1 Kf6 44. Bg2 Ne7 45. Be4 Ke6 46. f4 gxf4
47. gxf4 N5g6 48. Kg3 f5 49. Bf3 Kd6 50. Ra1 Nd5 51. Ra8 Ngxf4 52. Rh8 h5 53.
Rh6+ 1-0

[Event "Titled Tue 20th May Late"]
[Site "chess.com INT"]
[Date "2025.05.20"]
[Round "6"]
[White "Mata Gonzalez, Jose Fernando"]
[Black "Grot, Blazej"]
[Result "1-0"]
[WhiteTitle "CM"]
[BlackTitle "CM"]
[WhiteElo "2164"]
[BlackElo "2217"]
[WhiteFideId "5107423"]
[BlackFideId "21835845"]
[EventDate "2025.05.20"]

1. e4 c5 2. Nf3 Nc6 3. d4 cxd4 4. Nxd4 Nf6 5. Nc3 d6 6. f4 e6 7. Bc4 Be7 8. Be3
Qc7 9. O-O a6 10. Bb3 Na5 11. Qf3 Nxb3 12. axb3 O-O 13. Nde2 Bd7 14. Ng3 Bc6 15.
f5 b5 16. b4 Nd7 17. Nh5 Nf6 18. Bg5 Nxh5 19. Bxe7 Qxe7 20. Qxh5 exf5 21. exf5
Qf6 22. Rad1 Rfe8 23. Nd5 Bxd5 24. Rxd5 Re5 25. Rxe5 Qxe5 26. Qf3 Rf8 27. f6
Qxb2 28. fxg7 Qxg7 29. Rd1 Qg6 30. Rd4 Kh8 31. Rg4 Qe6 32. h3 Qe1+ 33. Kh2 Qe5+
34. g3 f5 35. Rf4 d5 36. h4 d4 37. Qd3 Rd8 38. Rxf5 Qe3 39. Qf1 Qe7 40. Rf7 Qd6
41. Qf5 Qg6 42. Qe5+ Kg8 43. Re7 Qxc2+ 44. Kh3 Qg6 45. Re6 Qf7 46. Qg5+ Kf8 47.
Qxd8+ Kg7 48. Re7 Kg6 49. Rxf7 Kxf7 50. Qxd4 1-0

[Event "Titled Tue 20th May Late"]
[Site "chess.com INT"]
[Date "2025.05.20"]
[Round "6"]
[White "Goryachkina, Aleksandra"]
[Black "Serban, Cristian-Stefan"]
[Result "1-0"]
[WhiteTitle "GM"]
[BlackTitle "FM"]
[WhiteElo "2544"]
[BlackElo "2332"]
[WhiteFideId "4147103"]
[BlackFideId "1241443"]
[EventDate "2025.05.20"]

1. c4 Nf6 2. Nf3 e6 3. g3 d5 4. Bg2 dxc4 5. O-O a6 6. a4 Nc6 7. Na3 Bxa3 8. Rxa3
Rb8 9. b3 cxb3 10. Rxb3 O-O 11. Bb2 a5 12. Qa1 Nb4 13. g4 e5 14. g5 Nd7 15. Nxe5
Nxe5 16. Bxe5 Qxg5 17. Rg3 Bg4 18. h3 f5 19. f4 Qh4 20. Rff3 g6 21. hxg4 fxg4
22. Rc3 Rf7 23. Rxc7 Rxc7 24. Bxc7 Rc8 25. Rc3 g3 26. Be5 Rd8 27. Qb2 Nd5 28.
Qb3 Kf8 29. Qa3+ Kg8 30. Bxd5+ Rxd5 31. Rc8+ Rd8 32. Rxd8+ Qxd8 33. Qb3+ Kf8 34.
Qxg3 Qxd2 35. Qd3 Qc1+ 36. Kf2 Qc5+ 37. Qd4 Qc6 38. Qd6+ Qxd6 39. Bxd6+ Kf7 40.
Bc7 Ke6 41. e4 Kd7 42. Bxa5 Kc6 43. Bc3 Kc5 44. e5 Kd5 45. Kf3 Ke6 46. Ke4 h5
47. Be1 Kd7 48. f5 Ke7 49. fxg6 1-0

[Event "Titled Tue 20th May Late"]
[Site "chess.com INT"]
[Date "2025.05.20"]
[Round "6"]
[White "Ghimoyan, Narek"]
[Black "Wartiovaara, Oliver"]
[Result "1/2-1/2"]
[WhiteTitle "CM"]
[BlackTitle "FM"]
[WhiteElo "2273"]
[BlackElo "2323"]
[WhiteFideId "13315412"]
[BlackFideId "513024"]
[EventDate "2025.05.20"]

1. d4 Nf6 2. c4 e6 3. Nf3 Bb4+ 4. Bd2 Qe7 5. g3 Nc6 6. Bg2 Bxd2+ 7. Qxd2 Ne4 8.
Qc2 Qb4+ 9. Nbd2 Nxd2 10. Qxd2 Qxc4 11. O-O O-O 12. b3 Qb4 13. Qc2 Nxd4 14. Nxd4
Qxd4 15. Qxc7 d5 16. Rfd1 Qb6 17. Rac1 Rd8 18. e4 d4 19. e5 d3 20. Be4 d2 21.
Rc4 Rd7 22. Qxb6 axb6 23. Rc2 f5 24. Bg2 Kf7 25. Rdxd2 Rxd2 26. Rxd2 Ke7 27. f4
Ra7 28. h4 Bd7 29. Rc2 Kd8 30. a4 b5 31. axb5 Bxb5 32. Rd2+ Ke7 33. Rc2 Kd7 34.
Rd2+ Ke7 35. Rd6 Ra3 36. Rb6 Bc6 37. Bxc6 bxc6 38. Rb7+ Kf8 39. Kf2 c5 40. h5 h6
41. Rb5 Ra2+ 42. Ke3 Rc2 43. Kd3 Rg2 44. Rxc5 Rxg3+ 45. Kc4 Rf3 46. b4 Rxf4+ 47.
Kb3 Rf1 48. b5 Rb1+ 49. Kc2 Rb4 50. Kc3 Rb1 51. Kc2 Rb4 52. Kc3 Rb1 53. Kc2 1/2-1/2

[Event "Titled Tue 20th May Late"]
[Site "chess.com INT"]
[Date "2025.05.20"]
[Round "6"]
[White "Carlsson, Ludvig"]
[Black "Khanbutaev, Artemii"]
[Result "0-1"]
[WhiteTitle "IM"]
[WhiteElo "2374"]
[BlackElo "2059"]
[WhiteFideId "1727010"]
[BlackFideId "55747175"]
[EventDate "2025.05.20"]

1. e4 e5 2. Nf3 Nc6 3. Nc3 Nf6 4. d4 exd4 5. Nxd4 Bb4 6. Nxc6 bxc6 7. Bd3 d5 8.
exd5 O-O 9. O-O cxd5 10. h3 c6 11. Qf3 Bd6 12. Bf4 Rb8 13. b3 Rb4 14. Ne2 Bxf4
15. Nxf4 Qd6 16. Nh5 Nxh5 17. Qxh5 h6 18. Rfe1 Be6 19. c3 Rf4 20. g3 Rf6 21. h4
Qc5 22. Re3 Kh8 23. b4 Qxc3 24. Rb1 Qd2 25. Qe2 Qxe2 26. Rxe2 Rb8 27. Rc2 Rf3
28. Be2 Bf5 29. Bxf3 Bxc2 30. Rc1 Ba4 31. a3 Bb5 32. Re1 Kg8 33. Re7 a5 34. Rc7
axb4 35. axb4 Ba4 36. Bg4 Rxb4 37. Bd7 Kf8 38. Bxc6 Rc4 39. Rc8+ Ke7 40. Re8+
Kd6 41. Bxa4 Rxa4 42. Rd8+ Ke5 43. Kg2 d4 44. Kf3 Ra3+ 45. Ke2 Ke4 46. Re8+ Kf5
47. Re7 Kf6 48. Rd7 Ra2+ 49. Kf3 Rd2 50. Rd8 Ke7 51. Rd5 g6 52. g4 Ke6 53. Rd8
f5 54. g5 hxg5 55. hxg5 Rd3+ 56. Kf4 Rd2 57. f3 d3 58. Rf8 Ke7 59. Ra8 Re2 60.
Ra7+ Ke6 61. Ra6+ Kd5 62. Rxg6 d2 63. Rg8 Re6 64. Rd8+ Rd6 65. Rf8 d1=Q 66.
Rxf5+ Kc6 67. Re5 Qd2+ 68. Kf5 Rd5 69. f4 Rxe5+ 70. Kxe5 Qd3 71. f5 Kd7 72. g6
Ke7 73. f6+ Kf8 74. g7+ Kf7 75. Kf4 Qd4+ 76. Kg3 Qxf6 77. g8=R Kxg8 78. Kg4 Kf7
79. Kg3 Qf5 80. Kh4 Qg6 81. Kh3 Qg5 82. Kh2 Qg4 83. Kh1 Kf6 84. Kh2 Kf5 85. Kh1
Kf4 86. Kh2 Kf3 87. Kh1 Qg2# 0-1

[Event "Titled Tue 20th May Late"]
[Site "chess.com INT"]
[Date "2025.05.20"]
[Round "6"]
[White "Shukhman, Anna"]
[Black "Pereyra, Horacio"]
[Result "0-1"]
[WhiteTitle "WGM"]
[WhiteElo "2413"]
[BlackElo "2133"]
[WhiteFideId "54180058"]
[BlackFideId "113700"]
[EventDate "2025.05.20"]

1. e4 c5 2. Nf3 Nc6 3. Nc3 e6 4. d4 cxd4 5. Nxd4 a6 6. Be3 Qc7 7. Nxc6 bxc6 8.
Qd2 d5 9. Be2 Nf6 10. O-O Be7 11. Rad1 O-O 12. Bg5 Bb7 13. Bf3 Rad8 14. Qe3 Rfe8
15. e5 Nd7 16. Bxe7 Rxe7 17. Rfe1 c5 18. Qg5 Nf8 19. Ne2 Ng6 20. Nf4 h6 21. Qg3
Nxe5 22. Bh5 Kh8 23. Rxe5 g5 24. Nh3 f6 25. Ree1 e5 26. Qf3 Bc8 27. Bg6 e4 28.
Qe3 Qe5 29. f4 gxf4 30. Nxf4 d4 31. Qg3 Qg5 32. Bxe4 Rg7 33. Qxg5 hxg5 34. Nd3
f5 35. Bf3 c4 36. Ne5 g4 37. Bc6 Rd6 38. Ba4 Be6 39. b3 c3 40. Nc6 f4 41. Nxd4
Bc8 42. Ne2 Rf6 43. Rd8+ Kh7 44. Rxc8 f3 45. gxf3 gxf3+ 46. Kh1 fxe2 47. Bc6
Rf1+ 0-1

[Event "Titled Tue 20th May Late"]
[Site "chess.com INT"]
[Date "2025.05.20"]
[Round "6"]
[White "Van Dael, Siem"]
[Black "Howell, David W L"]
[Result "0-1"]
[WhiteTitle "FM"]
[BlackTitle "GM"]
[WhiteElo "2258"]
[BlackElo "2668"]
[WhiteFideId "1049771"]
[BlackFideId "410608"]
[EventDate "2025.05.20"]

1. Nc3 c5 2. Nf3 Nc6 3. e4 d6 4. Bb5 Bd7 5. O-O Nf6 6. Re1 e5 7. a3 Be7 8. d3
O-O 9. h3 h6 10. Bc4 Re8 11. Ne2 Bf8 12. Ng3 Be6 13. c3 d5 14. Ba2 Qc7 15. Nh4
dxe4 16. dxe4 c4 17. Qf3 Nd7 18. Nhf5 Kh7 19. Ne3 b5 20. Bb1 g6 21. Bc2 Nc5 22.
Nd5 Bxd5 23. exd5 Na5 24. Ne4 Nxe4 25. Qxe4 f5 26. Qe3 e4 27. Qf4 Qxf4 28. Bxf4
Nb7 29. Rad1 Bd6 30. Be3 a6 31. Bd4 Rad8 32. f3 exf3 33. gxf3 Kg8 34. Kf2 Kf7
35. h4 Bc5 36. Be3 Rxe3 37. Rxe3 f4 38. Be4 Bxe3+ 39. Ke2 Nd6 40. h5 g5 41. Ra1
Kf6 42. a4 b4 43. cxb4 Rb8 44. b5 axb5 45. axb5 Rxb5 46. Ra6 Rb6 47. Ra8 Rxb2+
48. Kd1 Nxe4 49. fxe4 Ke5 50. Re8+ Kd4 51. d6 Kd3 0-1

[Event "Titled Tue 20th May Late"]
[Site "chess.com INT"]
[Date "2025.05.20"]
[Round "6"]
[White "Sheehan, Ethan"]
[Black "Moosavifar, Seyed Abolfazl"]
[Result "0-1"]
[BlackTitle "FM"]
[WhiteElo "2380"]
[BlackElo "2303"]
[WhiteFideId "30943965"]
[BlackFideId "42548195"]
[EventDate "2025.05.20"]

1. d4 d5 2. Nf3 e6 3. Bf4 Bd6 4. e3 c6 5. Nbd2 Qc7 6. Bxd6 Qxd6 7. c4 Nf6 8. Bd3
O-O 9. O-O Nbd7 10. e4 dxe4 11. Nxe4 Nxe4 12. Bxe4 Nf6 13. Bc2 c5 14. Re1 Bd7
15. dxc5 Qxc5 16. Ne5 Rfd8 17. Qf3 Bc6 18. Qg3 Rd2 19. Rac1 Rad8 20. h3 Qd4 21.
b4 Be4 22. Bb3 Bf5 23. Nf3 Nh5 24. Nxd4 Nxg3 25. Nxe6 Bxe6 26. fxg3 g6 27. Rc3
Rb2 28. Rc2 Rxc2 29. Bxc2 Bxc4 30. Re7 Bd5 31. Kf2 Bxa2 32. Be4 Bd5 33. Bxd5
Rxd5 34. Rxb7 a5 35. b5 Rd2+ 36. Kf3 Rb2 37. g4 a4 38. b6 a3 39. Ra7 Rxb6 40.
Rxa3 Kg7 41. Kf4 Rb4+ 42. Kg5 h6+ 43. Kh4 h5 44. Kg5 hxg4 45. hxg4 f6+ 46. Kh4
f5 47. Rg3 Kh6 48. Kh3 g5 49. gxf5 Rh4# 0-1

[Event "Titled Tue 20th May Late"]
[Site "chess.com INT"]
[Date "2025.05.20"]
[Round "6"]
[White "Andrade, Ivan"]
[Black "Aung Thant Zin"]
[Result "0-1"]
[WhiteTitle "FM"]
[BlackTitle "FM"]
[WhiteElo "2161"]
[BlackElo "2268"]
[WhiteFideId "14800039"]
[BlackFideId "13000063"]
[EventDate "2025.05.20"]

1. e4 c5 2. Nf3 Nc6 3. Bb5 e6 4. O-O Nge7 5. c3 a6 6. Bd3 d5 7. e5 Ng6 8. Re1
Qc7 9. Bxg6 hxg6 10. d4 Be7 11. Nbd2 b6 12. Nf1 Bb7 13. Bg5 Rc8 14. Bxe7 Nxe7
15. Rc1 Nf5 16. b4 Bc6 17. a4 Qd7 18. a5 cxb4 19. cxb4 bxa5 20. bxa5 Bb5 21.
Rxc8+ Qxc8 22. Ne3 O-O 23. Nxf5 exf5 24. Qc1 Qd8 25. Qd2 Qd7 26. Ng5 Qe7 27. Qf4
f6 28. Nf3 fxe5 29. Rxe5 Qb4 30. h3 Qxa5 31. Ng5 Qa1+ 32. Kh2 Qd1 33. f3 Re8 34.
Qh4 Rxe5 35. Qh7+ Kf8 36. Qh8+ Ke7 37. Qxg7+ Kd8 38. dxe5 Qe1 39. Ne6+ Ke8 40.
Nc7+ Kd8 41. Nxb5 axb5 42. Qf6+ Ke8 43. Qe6+ Kf8 44. Qf6+ Ke8 45. Qxg6+ Kf8 46.
Qxf5+ Ke8 47. Qe6+ Kf8 48. Qd6+ Ke8 49. Qxd5 b4 0-1

[Event "Titled Tue 20th May Late"]
[Site "chess.com INT"]
[Date "2025.05.20"]
[Round "6"]
[White "Amburgy, Ryan"]
[Black "Haug, Havard"]
[Result "1-0"]
[WhiteTitle "FM"]
[BlackTitle "FM"]
[WhiteElo "2309"]
[BlackElo "2354"]
[WhiteFideId "30924820"]
[BlackFideId "1547887"]
[EventDate "2025.05.20"]

1. d4 Nf6 2. c4 e6 3. Nf3 a6 4. Nc3 d5 5. cxd5 exd5 6. Bg5 Be7 7. e3 h6 8. Bh4
O-O 9. Bd3 Nbd7 10. O-O c6 11. Qc2 Re8 12. Rae1 Ne4 13. Bxe4 Bxh4 14. Bh7+ Kh8
15. Nxh4 Qxh4 16. Bd3 Nf6 17. f3 Bd7 18. Qf2 Qxf2+ 19. Kxf2 g6 20. h3 Kg7 21.
Re2 a5 22. Na4 Re7 23. Rc1 Ne8 24. Nb6 Ra7 25. Rc3 Nd6 26. Ra3 Nc8 27. Nxc8 Bxc8
28. Rc2 Bd7 29. b4 a4 30. Rac3 a3 31. b5 cxb5 32. Rb3 Re6 33. Rc7 Rd6 34. Bxb5
Be6 35. Bd3 Rd7 36. Rcc3 b5 37. Rxb5 Ra4 38. Rbb3 Rda7 39. g4 g5 40. Ke2 Kf6 41.
Kd2 Kg7 42. Bb5 R4a5 43. Rc5 Kf6 44. Kc3 Rb7 45. Kb4 Raa7 46. Rxa3 Rxa3 47. Kxa3
Ra7+ 48. Kb3 Ke7 49. a4 Kd6 50. Rc6+ Ke7 51. Kb4 f5 52. a5 f4 53. exf4 gxf4 54.
a6 Ra8 55. Kc5 Kf6 56. Rc7 1-0

[Event "Titled Tue 20th May Late"]
[Site "chess.com INT"]
[Date "2025.05.20"]
[Round "6"]
[White "Shoboev, Dandar"]
[Black "Rudolph, Anna"]
[Result "1-0"]
[WhiteTitle "FM"]
[BlackTitle "WIM"]
[WhiteElo "2252"]
[BlackElo "2198"]
[WhiteFideId "44197012"]
[BlackFideId "14102404"]
[EventDate "2025.05.20"]

1. e4 Nf6 2. e5 Nd5 3. c4 Nb6 4. c5 Nd5 5. d4 e6 6. Nc3 d6 7. cxd6 cxd6 8. f4
dxe5 9. fxe5 Bb4 10. Qd3 Nc6 11. Nf3 O-O 12. Be2 f5 13. exf6 Qxf6 14. O-O Bd7
15. Bd2 Rae8 16. Qe4 Nf4 17. Bc4 Na5 18. Ne5 Nxc4 19. Nxd7 Qe7 20. Nxf8 Nxd2 21.
Qxf4 Nxf1 22. Nxe6 Qxe6 23. Rxf1 Bxc3 24. bxc3 Qxa2 25. Qc7 Qd5 26. h3 h6 27.
Rf4 a6 28. c4 Qe6 29. d5 Qe5 30. Qf7+ Kh7 31. c5 Rd8 32. Rg4 Rxd5 33. Rxg7+ Qxg7
34. Qxd5 Qe7 35. Qd6 Qe3+ 36. Kh2 Qe4 37. Qd7+ Kg6 38. Qd6+ Kf7 39. Kg3 a5 40.
Qxh6 Qe5+ 41. Kf3 Qxc5 42. Qh7+ Ke6 43. Qxb7 Qd5+ 44. Qxd5+ Kxd5 45. Ke2 Kc4 46.
h4 a4 47. Kd2 Kb3 48. Kc1 Ka2 49. h5 a3 50. h6 Ka1 51. h7 a2 52. h8=Q# 1-0

[Event "Titled Tue 20th May Late"]
[Site "chess.com INT"]
[Date "2025.05.20"]
[Round "6"]
[White "Iglesias Ferreira, Andres"]
[Black "Moreira, Ronaldo Alonso"]
[Result "1-0"]
[WhiteTitle "FM"]
[WhiteElo "2279"]
[BlackElo "2097"]
[WhiteFideId "54507669"]
[BlackFideId "2110547"]
[EventDate "2025.05.20"]

1. d4 Nf6 2. e3 d5 3. Nf3 e6 4. b3 b6 5. Bb2 Bb7 6. Bd3 Bd6 7. O-O Nbd7 8. Nbd2
Qe7 9. Re1 O-O-O 10. a4 g5 11. a5 Ne4 12. axb6 axb6 13. Qe2 Nb8 14. c4 g4 15.
Ne5 Bxe5 16. dxe5 Nxd2 17. Qxd2 dxc4 18. bxc4 Be4 19. Bd4 Bxd3 20. Qxd3 c5 21.
Reb1 Qc7 22. Ra8 cxd4 23. c5 dxe3 24. Qxe3 bxc5 25. Rbxb8+ Qxb8 26. Qxc5+ Kd7
27. Rxb8 Rxb8 28. Qd6+ Kc8 29. Qc6+ Kd8 30. Qd6+ Kc8 31. g3 Rb7 32. Qc6+ Kb8 33.
Qe4 h5 34. h3 gxh3 35. Kh2 Rd7 36. Kxh3 Rhd8 37. Qf3 Rh8 38. Qb3+ Kc7 39. Qa3
Rh7 40. Qc5+ Kd8 41. Qb6+ Ke7 42. Qb4+ Ke8 43. f4 Rg7 44. Qb8+ Ke7 45. Qb4+ Ke8
46. Kh4 Rg8 47. Kxh5 Rh8+ 48. Kg4 Rg8+ 49. Kf3 Rg6 50. g4 Rd8 51. g5 Rd7 52.
Qb8+ Rd8 53. Qb5+ Rd7 54. Kg4 Ke7 55. Qc5+ Ke8 56. Qg1 1-0

[Event "Titled Tue 20th May Late"]
[Site "chess.com INT"]
[Date "2025.05.20"]
[Round "6"]
[White "Cernov, Henrik"]
[Black "Hoeffer, David"]
[Result "0-1"]
[WhiteTitle "FM"]
[BlackTitle "FM"]
[WhiteElo "2325"]
[BlackElo "2295"]
[WhiteFideId "16258312"]
[BlackFideId "24606766"]
[EventDate "2025.05.20"]

1. e4 Nc6 2. Nf3 f5 3. Nh4 e6 4. Qh5+ g6 5. Nxg6 Nf6 6. Qh4 hxg6 7. Qxh8 Nxe4 8.
d3 Qf6 9. Qxf6 Nxf6 10. c3 e5 11. g3 d5 12. Bg2 Be6 13. O-O O-O-O 14. Re1 Bd6
15. d4 e4 16. Na3 a6 17. b4 Rg8 18. h4 Nh5 19. b5 Ne7 20. bxa6 bxa6 21. Nc2 f4
22. gxf4 Nxf4 23. Bxf4 Bxf4 24. Ne3 g5 25. hxg5 Rxg5 26. Kf1 Bd7 27. a4 Ng6 28.
c4 Nh4 29. Bh1 Nf3 30. Red1 c6 31. cxd5 cxd5 32. Bxf3 exf3 33. Ke1 Bxe3 34. fxe3
Rg2 35. Ra3 Re2+ 36. Kf1 Bh3+ 37. Kg1 f2+ 38. Kh1 f1=Q+ 39. Rxf1 Bxf1 40. Rc3+
Kb7 41. Kg1 Bg2 42. a5 Be4 43. Kf1 Ra2 44. Rc5 Rb2 45. Rc3 Rb5 46. Ra3 Rb1+ 47.
Kf2 Kc6 48. Rc3+ Kb5 49. Rc5+ Ka4 50. Kg3 Rb5 51. Rc7 Kxa5 52. Ra7 Rb6 53. Kf4
Kb4 54. Rg7 a5 55. Rg1 a4 56. Ke5 Ka5 57. Rg8 a3 58. Rd8 a2 59. Ra8+ Ra6 60. Rc8
a1=Q 61. Rc5+ Kb4 62. Kf4 Qf1+ 63. Ke5 Qf5# 0-1

[Event "Titled Tue 20th May Late"]
[Site "chess.com INT"]
[Date "2025.05.20"]
[Round "6"]
[White "Jovic, Stanoje"]
[Black "Badacsonyi, Stanley"]
[Result "1/2-1/2"]
[WhiteTitle "FM"]
[BlackTitle "FM"]
[WhiteElo "2096"]
[BlackElo "2289"]
[WhiteFideId "905020"]
[BlackFideId "486973"]
[EventDate "2025.05.20"]

1. c4 Nf6 2. g3 g6 3. Bg2 Bg7 4. Nc3 d6 5. Nf3 O-O 6. O-O c5 7. d4 Nc6 8. dxc5
dxc5 9. Bf4 Nh5 10. Be3 b6 11. Qa4 Bd7 12. Rfd1 Nd4 13. Qa6 Nc2 14. Ng5 Bxc3 15.
bxc3 Nxe3 16. fxe3 Qc7 17. Bxa8 Rxa8 18. Nf3 Bc6 19. Kf2 Nf6 20. Rd3 Ng4+ 21.
Kg1 Be4 22. Rad1 Bxd3 23. Rxd3 Rd8 24. Qa4 Rxd3 25. Qe8+ Kg7 26. exd3 Nxe3 27.
Ng5 e6 28. Qxe6 Qxg3+ 29. hxg3 fxe6 30. Nxe6+ Kf6 31. Nf4 g5 32. Ne2 Ke5 33. Kf2
Nf5 34. Kf3 h5 35. g4 hxg4+ 36. Kxg4 Kf6 37. Ng1 Ne3+ 38. Kf3 Nd1 39. Ne2 Nb2
40. Ke4 g4 41. Ng3 Kg5 42. d4 Nxc4 43. d5 Kf6 44. Kf4 Nd6 45. Nh5+ Kg6 46. Kxg4
Ne4 47. c4 Nd6 48. Nf4+ Kf6 49. Nd3 Nxc4 50. Kf4 Nd6 51. Nf2 c4 52. Ng4+ Ke7 53.
Ne5 c3 54. Ke3 a6 55. Kd3 Nb5 56. Nc4 Na7 57. Kxc3 b5 58. Ne3 Kd6 59. Kd4 b4 60.
Nf5+ Kd7 61. Kc4 a5 62. a3 bxa3 63. Kb3 Nb5 64. Ne3 Kd6 65. Nc4+ Kxd5 66. Nxa3
Nd6 67. Ka4 Nb7 68. Nb5 Kc5 69. Nc3 Kb6 70. Nd5+ Kc5 71. Nc3 Kb6 72. Nd5+ Ka6
73. Nc7+ Ka7 74. Kb5 Kb8 75. Nd5 Ka7 76. Nc3 Kb8 77. Na4 Kc7 78. Nc5 Nd6+ 79.
Kxa5 1/2-1/2

[Event "Titled Tue 20th May Late"]
[Site "chess.com INT"]
[Date "2025.05.20"]
[Round "6"]
[White "Bogaudinov, Rushan"]
[Black "Petrus, Adrian"]
[Result "1-0"]
[WhiteTitle "FM"]
[WhiteElo "1912"]
[BlackElo "2203"]
[WhiteFideId "4129288"]
[BlackFideId "14573652"]
[EventDate "2025.05.20"]

1. e4 e5 2. Nc3 Nf6 3. g3 d5 4. exd5 Nxd5 5. Bg2 Nxc3 6. bxc3 Bd6 7. Nf3 O-O 8.
O-O c6 9. d3 Be6 10. a4 Nd7 11. a5 Re8 12. Ng5 Bf5 13. a6 b6 14. Bxc6 Rc8 15.
Bd5 Bg6 16. h4 Nf6 17. Bb7 Rxc3 18. Bb2 Rc7 19. Re1 h6 20. Ne4 Nxe4 21. Bxe4 f5
22. Bd5+ Kh8 23. h5 Bh7 24. c4 Qg5 25. Qf3 Rce7 26. Qg2 Qxh5 27. Bc6 Rf8 28. d4
e4 29. Rac1 Qg6 30. c5 bxc5 31. dxc5 Bc7 32. Bb7 f4 33. gxf4 Bxf4 34. Qxg6 Bxg6
35. Rcd1 e3 36. Bd4 e2 37. Ra1 Bd2 38. c6 Bxe1 39. Rxe1 Bf5 40. Bxa7 Rd8 41. f3
Rd1 42. Kf2 Bd3 43. Bc5 Rf7 44. a7 Rxf3+ 45. Kxf3 Rxe1 46. a8=Q+ Kh7 47. Bb4
Rf1+ 48. Kg3 Rg1+ 49. Kh2 Rf1 50. c7 Rf2+ 51. Kg3 Rf1 52. Be4+ Bxe4 53. Qxe4+ g6
54. Qe7+ Kg8 55. c8=Q+ Rf8 56. Qexf8+ 1-0

[Event "Titled Tue 20th May Late"]
[Site "chess.com INT"]
[Date "2025.05.20"]
[Round "6"]
[White "Bian, Alex"]
[Black "Gunduz, Umut Erdem"]
[Result "1/2-1/2"]
[WhiteTitle "FM"]
[BlackTitle "IM"]
[WhiteElo "2342"]
[BlackElo "2268"]
[WhiteFideId "2056372"]
[BlackFideId "6381383"]
[EventDate "2025.05.20"]

1. e4 c5 2. Nf3 Nc6 3. d4 cxd4 4. Nxd4 Nf6 5. Nc3 d6 6. Bg5 Bd7 7. f4 Qb6 8. Nb3
h6 9. Bxf6 gxf6 10. Nd5 Qd8 11. f5 Rc8 12. Be2 Bg7 13. O-O O-O 14. c3 e6 15.
fxe6 fxe6 16. Nf4 Qb6+ 17. Kh1 Ne5 18. Qd2 f5 19. Nh5 fxe4 20. Nxg7 Kxg7 21. Nd4
Rxf1+ 22. Rxf1 Qd8 23. Qf4 Qg5 24. Qxe4 Rf8 25. Qxb7 Rxf1+ 26. Bxf1 Qc1 27. Kg1
Kf6 28. Qb8 Ke7 29. Qxa7 Qe3+ 30. Kh1 Kf6 31. Qa6 Ng4 32. h3 Nf2+ 33. Kh2 Ne4
34. Qe2 Qf4+ 35. Kg1 Ke7 36. Qf3 Qe5 37. Qe3 d5 38. Bd3 Kd6 39. Bxe4 dxe4 40.
Nb3 Bc6 41. Qd4+ Bd5 42. Qxe5+ Kxe5 43. Nc1 e3 44. Kf1 Kf4 45. b3 Kg3 46. Ke2
Kxg2 47. Kxe3 Kxh3 48. c4 Bb7 49. b4 h5 50. b5 h4 51. Ne2 e5 52. c5 Kg4 53. c6
Ba8 54. Kf2 Kf5 55. a4 Ke6 56. a5 Kd6 57. Nc3 Bxc6 58. bxc6 Kxc6 59. Ke3 Kb7 60.
Ne2 Ka6 61. Ng1 Kxa5 62. Ke4 Kb5 63. Kxe5 h3 64. Nxh3 1/2-1/2

[Event "Titled Tue 20th May Late"]
[Site "chess.com INT"]
[Date "2025.05.20"]
[Round "6"]
[White "Eswaran, Ashritha"]
[Black "Schnaider, Ilan"]
[Result "0-1"]
[WhiteTitle "FM"]
[BlackTitle "IM"]
[WhiteElo "2236"]
[BlackElo "2388"]
[WhiteFideId "2080788"]
[BlackFideId "169013"]
[EventDate "2025.05.20"]

1. e4 c5 2. Nf3 e6 3. d4 cxd4 4. Nxd4 Bc5 5. Nb3 Bb6 6. Nc3 Ne7 7. Be2 O-O 8.
O-O f5 9. exf5 Nxf5 10. Bd3 Nc6 11. Kh1 Qh4 12. Bxf5 Rxf5 13. g3 Qh3 14. Bf4 g5
15. Be3 Bc7 16. Ne4 Ne5 17. f4 Ng4 18. Qe2 b6 19. Nbd2 Bb7 20. Rae1 Raf8 21. Qg2
Qxg2+ 22. Kxg2 d5 23. Bxb6 axb6 24. Nxg5 d4+ 25. Kh3 Nf2+ 26. Rxf2 Rxg5 27. Ne4
Rh5+ 28. Kg4 Rb5 29. b3 h5+ 30. Kh3 Rbf5 31. Rd2 e5 32. fxe5 Bxe5 33. a4 Rf3 34.
Kh4 Bg7 35. Ng5 Re3 36. Red1 Rfe8 37. Rxd4 Bxd4 38. Rxd4 Be4 39. c4 Bg6 40. Rd6
Kg7 41. Rxb6 Re2 42. h3 R2e7 43. a5 Rd8 44. a6 Rd4+ 45. g4 hxg4 46. hxg4 Rd1 47.
b4 Ra1 48. b5 Re3 49. Ne6+ Kh6 50. g5+ Kh7 51. Nf4 Rh1+ 52. Kg4 Rg1+ 53. Kh4 Bf5
54. g6+ Kg7 55. Nh5+ Kh6 56. g7+ Kh7 57. g8=Q+ Kxg8 58. Ng3 Rexg3 59. Rg6+ Bxg6
60. a7 Be4 61. a8=Q+ Bxa8 62. b6 Rg7 63. b7 Rh7# 0-1